Enabling Early Sustainment Decisions (Record no. 352002)
[ view plain ]
| 000 -LEADER | |
|---|---|
| fixed length control field | 00477nam a2200121Ia 4500 |
| 008 - FIXED-LENGTH DATA ELEMENTS--GENERAL INFORMATION | |
| fixed length control field | 171212s9999 xx 000 0 und d |
| 020 ## - INTERNATIONAL STANDARD BOOK NUMBER | |
| International Standard Book Number | 9780833081650 |
| 100 ## - MAIN ENTRY--PERSONAL NAME | |
| Personal name | Drew, John G.;McGarvey, Ronald G.;Buryk, Peter |
| 245 ## - TITLE STATEMENT | |
| Statement of responsibility, etc | Drew, John G.;McGarvey, Ronald G.;Buryk, Peter |
| Title | Enabling Early Sustainment Decisions |
| Remainder of title | Application to F-35 Depot-Level Maintenance |
| 260 ## - PUBLICATION, DISTRIBUTION, ETC. (IMPRINT) | |
| Name of publisher, distributor, etc | RAND Corporation |
| Date of publication, distribution, etc | 2013 |
| 650 ## - SUBJECT ADDED ENTRY--TOPICAL TERM | |
| Topical term or geographic name as entry element | Business |
| 856 ## - ELECTRONIC LOCATION AND ACCESS | |
| Uniform Resource Identifier | <a href="http://www.jstor.org/stable/10.7249/j.ctt5vjwp2">http://www.jstor.org/stable/10.7249/j.ctt5vjwp2</a> |
| Withdrawn status | Lost status | Damaged status | Home library | Current library | Date acquired | Total Checkouts | Date last seen | Price effective from | Koha item type |
|---|---|---|---|---|---|---|---|---|---|
| College Library | College Library | 12/12/2017 | 12/12/2017 | 12/12/2017 | Curriculum - Based eBooks |